| 000 | 00894nam a2200241Ia 4500 | ||
|---|---|---|---|
| 001 | 16301 | ||
| 003 | GE_BSU | ||
| 008 | 181216s||||||||xx |||||||||||||| ||und|| | ||
| 040 | _cGE_BSU | ||
| 080 | _a347.9(479.22)(075.8 | ||
| 100 | _aკობახიძე, ავთანდილ | ||
| 245 | _aსამოქალაქო სამართალი | ||
| 245 | _bწ. 1 : ზოგადი ნაწილი | ||
| 245 | _cრედ.: რომან შენგელია | ||
| 260 | _aთბილისი | ||
| 260 | _bგ.გ | ||
| 260 | _c? | ||
| 300 | _a384 გვ,20სმ. | ||
| 541 | _h18ლ. | ||
| 653 | _aსამართალი | ||
| 653 | _aსამოქალაქო სამართალი - სახელმძღვანელოები უმაღლესი სასწავლებლებისათვის; | ||
| 942 | _cBK | ||
| 999 |
_c49382 _d49382 |
||